01016cam a2200277 a 45000010005000000030006000050050017000110080041000280100017000690200018000860200015001040400023001190500015001420820010001571000018001672450182001852600040003673000047004074900036004545000117004905050007006075210028006145210019006426500027006617000050006884339FISKH20240730101101.0080305s2008 nyua j 000 1 eng  a 2008004304 a9781416968634 a1416968636 aDLCcDLCdDLCbeng00aPZ7.D28197 a813.61 aDavid, Erica.10aMy name is CheeseHead /cadapted by Erica David ; based on the teleplay "Who Bob What Pants?" by Casey Alexander, Zeus Cervas, and Steven Banks ; illustrated by Victoria Miller. aNew York :bSimon Spotlight,c2008. a32 pages : bcolor illustrations ; c23 cm0 aReady-to-read. Level 2vBook 14 a"Based on the TV series SpongeBob SquarePants created by Stephen Hillenburg as seen on Nickelodeon"--T.p. verso. aG 1 a380 bLexile estimate 1 aG bRaz-Plus  aSpongeBob vTelevision1 aMiller, Victoriaq(Victoria H.)dIllustrator